| 000 | 00911cam a2200253 i 4500 | ||
|---|---|---|---|
| 999 |
_c233311 _d233311 |
||
| 001 | 3700311 | ||
| 003 | Nust | ||
| 005 | 20170306161744.0 | ||
| 008 | 800103t19811980nyu 000 1 eng | ||
| 010 | _a 79027710 | ||
| 020 | _a9780006547211 | ||
| 040 |
_aDLC _cDLC _dDLC |
||
| 050 | 0 | 0 |
_aPR6023.E833 _bS57 1981 |
| 082 | 0 | 0 |
_a823.914 _bLES |
| 100 | 1 |
_aLessing, Doris, _d1919-2013. |
|
| 245 | 1 | 4 |
_aThe Sirian experiments : _bthe report by Ambien II, of the five / _cDoris Lessing. |
| 250 | _a1st ed. | ||
| 260 |
_aNew York : _bKnopf : _bdistributed by Random House, _c1981 |
||
| 300 |
_aviii, 331 p. ; _c25 cm. |
||
| 490 | 1 | _aCanopus in Argos--archives | |
| 655 | 7 |
_aScience fiction. _2gsafd |
|
| 800 | 1 |
_aLessing, Doris, _d1919-2013. _tCanopus in Argos--archives (Alfred A. Knopf, Inc.) |
|
| 906 |
_a7 _bcbc _corignew _d1 _eocip _f19 _gy-gencatlg |
||
| 942 |
_2ddc _cBK |
||